| 000 | 00729nam a2200241 i 4500 | ||
|---|---|---|---|
| 001 | bg | ||
| 100 | 1 |
_aKUSTRA, Ewa _d(1941- ) |
|
| 245 | 1 | 0 |
_aWstęp do nauki o państwie / _cEwa Kustra. |
| 260 |
_aToruń : _bTowarzystwo Naukowe Organizacji i Kierownictwa "Dom Organizatora", _c1999. |
||
| 300 |
_a164, [1] s. ; _c24 cm. |
||
| 504 | _aBibliogr. przy rozdz. | ||
| 650 | 9 |
_aPaństwo _xteoria |
|
| 650 | 9 |
_aPrawo _xteoria |
|
| 655 | _aPodręczniki akademickie | ||
| 020 | _a8387673803 | ||
| 040 | _cBPK | ||
| 041 | 0 | _apl | |
| 080 | _a340.12(075.8) | ||
| 920 | _a83-87673-80-3 | ||
| 942 | _cKS | ||
| 008 | s pl f |000 0 pol | ||
| 999 |
_c41650 _d41650 |
||
| 856 |
_uhttp://koha.tu.koszalin.pl/cgi-bin/koha/opac-detail.pl?biblionumber=41650 _yKatalog online BPK |
||